00860nam a22001817a 4500003000500000005001700005008004100022020003100063040002300094082001500117100002300132245016800155260004400323300005000367504023400417521000900651700001800660322820240913132409.0240826b sa ||||| |||| 00| 0 eng d a9780636 068438qPaperback  aRDAbEnglishc3228 aST657 FOCU a Kerdachi, Deborah aFocus on accounting. Grade 11:b Exam practice bookc Kerdachi Debora, Kriel A, Viljoen A, Zungu Z.N.D, Fourie Neall, Bennett John, MinterRobyn, Van Greunen Lizett aDeborah)bMaskew Miller Longman,c2006. a xiv, 74 pagesbcolour illustrations: c24 cm aBibliography and index not included "National curriculum"--Cover. Also available in Afrikaans under title: Verken rekeningkunde. Graad 11, Eksamenhersieningsboek. To be used with: Focus on accounting. Grade 11, Learner's book. aKids aFourie, Neall